Complex variables and the Laplace transform for engineers (Record no. 13856)

000 -LEADER
fixed length control field 00606nam a22002051 4500
001 - CONTROL NUMBER
control field 13856
003 - CONTROL NUMBER IDENTIFIER
control field BD-DhUET
008 - FIXED-LENGTH DATA ELEMENTS--GENERAL INFORMATION
fixed length control field 840622s1961 nyua b 000 0 eng
040 ## - CATALOGING SOURCE
Original cataloging agency DLC
Transcribing agency DLC
Modifying agency BD-DhUET
082 00 - DEWEY DECIMAL CLASSIFICATION NUMBER
Classification number 517.862
Item number LEP/1961
100 ## - MAIN ENTRY--PERSONAL NAME
Personal name LePage, Wilbur R.
245 10 - TITLE STATEMENT
Title Complex variables and the Laplace transform for engineers
250 ## - EDITION STATEMENT
Edition statement 1st ed.
260 ## - PUBLICATION, DISTRIBUTION, ETC. (IMPRINT)
Place of publication, distribution, etc. Bombay
Name of publisher, distributor, etc. McGraw-Hill
Date of publication, distribution, etc. 1961
300 ## - PHYSICAL DESCRIPTION
Extent xvi, 475 p.
Other physical details ill.
Dimensions 24 cm.
490 ## - SERIES STATEMENT
Series statement International series in pure and applied mathematics
504 ## - BIBLIOGRAPHY, ETC. NOTE
Bibliography, etc Includes bibliographies
650 #0 - SUBJECT ADDED ENTRY--TOPICAL TERM
Topical term or geographic name as entry element Calculus - Complex variables
942 ## - ADDED ENTRY ELEMENTS (KOHA)
Koha item type General Book
Holdings
Date acquired Copy number Koha date last seen Location (home branch) Piece designation (barcode) Source of classification or shelving scheme Damaged status Lost status Withdrawn status Koha full call number Not for loan Sublocation or collection (holding branch) Price effective from Shelving location Koha item type Koha normalized classification for sorting
2015-03-0512015-03-05Central Library, BUET40116    517.862/LEP/1961 Central Library, BUET2015-03-05Circulation sectionGeneral Book517_862000000000000_LEP_1961
2015-03-0522015-03-05Central Library, BUET24385    517.862/LEP/1961 Central Library, BUET2015-03-05Circulation sectionGeneral Book517_862000000000000_LEP_1961
2015-03-0732015-03-07Central Library, BUET6374    517.862/LEP/1961 Central Library, BUET2015-03-07Circulation sectionGeneral Book517_862000000000000_LEP_1961
2015-03-0742015-03-07Central Library, BUET51027    517.862/LEP/1961 Central Library, BUET2015-03-07Circulation sectionGeneral Book517_862000000000000_LEP_1961
2015-03-0752015-03-07Central Library, BUET20963    517.862/LEP/1961 Central Library, BUET2015-03-07Circulation sectionGeneral Book517_862000000000000_LEP_1961
2015-03-0762015-03-07Central Library, BUET42659    517.862/LEP/1961 Central Library, BUET2015-03-07Circulation sectionGeneral Book517_862000000000000_LEP_1961
2015-03-0772015-03-07Central Library, BUET40115    517.862/LEP/1961 Central Library, BUET2015-03-07Circulation sectionGeneral Book517_862000000000000_LEP_1961
2015-03-0782015-03-07Central Library, BUET39671    517.862/LEP/1961 Central Library, BUET2015-03-07Circulation sectionGeneral Book517_862000000000000_LEP_1961
2015-03-0792015-03-07Central Library, BUET39670    517.862/LEP/1961 Central Library, BUET2015-03-07Circulation sectionGeneral Book517_862000000000000_LEP_1961
2015-03-07102015-03-07Central Library, BUET42660    517.862/LEP/1961 Central Library, BUET2015-03-07Circulation sectionGeneral Book517_862000000000000_LEP_1961
2015-03-09112015-03-09Central Library, BUET42661    517.862/LEP/1961 Central Library, BUET2015-03-09Circulation sectionGeneral Book517_862000000000000_LEP_1961
2015-03-09122015-03-09Central Library, BUET51026    517.862/LEP/1961 Central Library, BUET2015-03-09Circulation sectionGeneral Book517_862000000000000_LEP_1961
2015-05-03132015-05-03Central Library, BUET2039    517.862/LEP/1961 Central Library, BUET2015-05-03Circulation sectionGeneral Book517_862000000000000_LEP_1961
2015-05-03142015-05-03Central Library, BUET6375    517.862/LEP/1961 Central Library, BUET2015-05-03Circulation sectionGeneral Book517_862000000000000_LEP_1961
2015-05-03152015-05-03Central Library, BUET2041    517.862/LEP/1961 Central Library, BUET2015-05-03Circulation sectionGeneral Book517_862000000000000_LEP_1961
2015-05-03162015-05-03Central Library, BUET2040    517.862/LEP/1961 Central Library, BUET2015-05-03Circulation sectionGeneral Book517_862000000000000_LEP_1961